000 01057cam a22002174a 4500
005 20250605164203.0
008 250528s ||||||||||||||||||||||||d
035 _a19810
020 _a9603590266
040 _aGR-AtMCL
_bgre
_dGR-AtMCL
_eAACR2
245 1 _aΑσκήσεις Χρηματοοικονομικής Λογιστικής / Τέταρτη Έκδοση
250 _a
260 _bΕυγ. Μπένου,
_c1996
300 _a484
505 0 _aΑσκήσεις Θεμελιωδών Λογιστικών Εννοιών, Ασκήσεις Ειδικών Λογιστικών Προβλημάτων, Γενικές Ασκήσεις, Ερωτήσεις, Παράρτημα.
520 _aΑσκήσεις Θεμελιωδών Λογιστικών Εννοιών, Ασκήσεις Ειδικών Λογιστικών Προβλημάτων, Γενικές Ασκήσεις, Ερωτήσεις, Παράρτημα.
700 1 _aΒασιλάτου - Θαναπούλου Έλλη
_95280
942 _cBK
999 _c5058
_d5058